| 000 | 00560nam a2200229 a 4500 | ||
|---|---|---|---|
| 001 | 0001-1368 | ||
| 003 | ELIB.Books | ||
| 008 | 160712 2010 eng | ||
| 020 | _a0829801960 | ||
| 035 | _a(ELIB.Books)0001-1523 | ||
| 092 |
_a230 _bGar |
||
| 100 | _aGardiner, James J. | ||
| 245 | _aQuest for Black Theology | ||
| 260 |
_aPhiladelphia _bA Pilgrim Press Book _c1971 |
||
| 300 |
_a111 _c21.5 Cm |
||
| 650 | _aTheology | ||
| 856 |
_nKBTS Library _uElib |
||
| 942 |
_2ddc _cBK |
||
| 990 | _a1 | ||
| 998 |
_cbat _e2016-07-12 |
||
| 999 |
_c11368 _d11368 |
||